Statistics for Countries by Oldest Ever Citizen

Click here to take the quiz!

General Stats

  • This quiz has been taken 1,719 times
  • The average score is 16 of 20

Answer Stats

AgeNameCountry% Correct
119 years, 97 daysSarah KnaussUnited States
98%
122 years, 171 daysJeanne CalmentFrance
96%
116 years, 54 daysJiroemon KimuraJapan
96%
115 years, 228 daysCharlotte HughesUnited Kingdom
95%
114 years, 252 daysVenere Pizzinato-PapoItaly
92%
114 years, 220 daysMaria Antonia CastroSpain
92%
117 years, 230 daysMarie-Louise MeilleurCanada
90%
112 years, 362 daysMaria LaquaGermany
90%
114 years, 148 daysChristina CockAustralia
85%
115 years, 62 daysHendrikje van Andel-SchipperNetherlands
85%
113 years, 0 daysAstrid ZachrisonSweden
84%
114 years, 347 daysMaria Gomes ValentimBrazil
82%
115 years, 114 daysMaria de JesusPortugal
82%
112 years, 186 daysJoanna Turcksin-DerooverBelgium
77%
112 years, 178 daysMaria MikaAustria
76%
113 years, 109 daysFlorence FinchNew Zealand
76%
112 years, 327 daysRosa ReinSwitzerland
75%
112 years, 259 daysMaria RothoviusFinland
70%
116 years, 347 daysMaria CapovillaEcuador
23%
113 years, 90 daysJames SisnettBarbados
9%

Score Distribution

Percentile by Number Answered

Percent of People with Each Score

Your Score History

You have not taken this quiz